| 000 | 00724nam a22002057a 4500 | ||
|---|---|---|---|
| 005 | 20180228105632.0 | ||
| 010 | _a1617EN | ||
| 020 |
_a9781138639720 _c895.00 |
||
| 035 | _aB-664914 | ||
| 037 |
_aDPL _bUPPAL |
||
| 082 | _a201.5 | ||
| 245 |
_aLiving with religious diversity / _cedited by Sonia Sikka, Bindu Puri [and] Lori G.Beaman |
||
| 260 |
_aNew York _bRoutledge _c2016 |
||
| 270 |
_a711 third avenue _bNew York _eNY 10017 |
||
| 300 |
_axxx,250p. _c24cm(Hb) |
||
| 700 | _aBindu Puri | ||
| 700 | _aBeaman, Lori G. | ||
| 942 |
_2ddc _cEN _h201.5 _mLIV |
||
| 999 |
_c102106 _d102106 |
||